2002 NHL Entry Draft 1st Round Selections - Statistics

General Stats
  • This quiz has been taken 97 times
  • The average score is 6 of 30
Answer Stats
Pick Player Junior Team NHL Team % Correct
1 Rick Nash London Knights Columbus Blue Jackets
100%
2 Kari Lehtonen Jokerit Atlanta Thrashers
64%
3 Jay Bouwmeester Medicine Hat Tigers Florida Panthers
43%
4 Joni Pitkanen Karpat Philadelphia Flyers
41%
7 Joffrey Lupul Medicine Hat Tigers Anaheim Mighty Ducks
27%
5 Ryan Whitney Boston University Pittsburgh Penguins
27%
6 Scottie Upshall Kamloops Blazers Nashville Predators
25%
13 Alexander Semin Traktor Chelyabinsk Jrs. Washington Capitals
18%
8 Pierre-Marc Bouchard Chicoutimi Sagueneens Minnesota Wild
18%
16 Jakub Klepis Portland Winterhawks Ottawa Senators
14%
15 Jesse Niinimaki Ilves Edmonton Oilers
14%
9 Petr Taticek Sault Ste. Marie Greyhounds Florida Panthers
14%
22 Sean Bergenheim Jokerit NY Islanders
14%
12 Steve Eminger Kitchener Rangers Washington Capitals
14%
24 Alexander Steen Vastra Frolunda HC Toronto Maple Leafs
11%
17 Boyd Gordon Red Deer Rebels Washington Capitals
11%
10 Eric Nystrom University of Michigan Calgary Flames
11%
23 Ben Eager Oshawa Generals Phoenix Coyotes
9%
25 Cam Ward Red Deer Rebels Carolina Hurricanes
9%
14 Christopher Higgins Yale University Montreal Canadiens
9%
20 Daniel Paille Guelph Storm Buffalo Sabres
9%
18 Denis Grebeshkov Lokomotiv Yaroslavl LA Kings
9%
29 Hannu Toivonen HPK Boston Bruins
9%
28 Jonas Johansson HV71 Colorado Avalanche
9%
26 Martin Vagner Hull Olympiques Dallas Stars
9%
21 Anton Babchuk Elemash Elektrostal Chicago Blackhawks
7%
19 Jakub Koreis HC Plzen Phoenix Coyotes
7%
30 Jim Slater Michigan State University Atlanta Thrashers
7%
11 Keith Ballard University of Minnesota Buffalo Sabres
7%
27 Mike Morris Saint Sebastian's School SJ Sharks
7%
No matching quizzes found
Score Distribution
Percent of People with Each Score
Percentile by Number Answered
Your Score History
You have not taken this quiz